000 00928cam a2200289 a 4500
008
020 _a9780750669542 (pbk.)
049 _aMAIN
090 _aT55
_bHUG
100 1 _aHughes, Phil.
245 1 0 _aEasy guide to health and safety /
_cPhil Hughes [and] Liz Hughes.
250 _a1st ed.
260 _aAmsterdam :
_bElsevier/Butterworth-Heinemann,
_c2008.
300 _axvii, 276 p. :
_bill. (some col.) ;
_c24 cm.
500 _aIncludes index.
504 _aIncludes bibliographical references.
650 0 _aIndustrial hygiene.
650 0 _aIndustrial safety.
650 0 _aIndustrial hygiene
_xLaw and legislation
_zGreat Britain.
650 0 _aIndustrial safety
_xLaw and legislation
_zGreat Britain.
700 1 _aHughes, Liz.
907 _a.b10341390
_b08-05-14
_c08-05-14
003
005 20230123122050.0
040 _cNUST
942 _cBOOKS
_kT55
_mHUG
999 _c127216
_d127216